European Countries neither in NATO nor in EU - Statistics

General Stats
  • This quiz has been taken 791 times
    646 since last reset
  • The average score is 12 of 16
Answer Stats
Neither in EU nor NATO % Correct
Belarus
91%
Andorra
89%
Russia
89%
Serbia
89%
Ukraine
89%
San Marino
88%
Vatican City
88%
Liechtenstein
87%
Switzerland
87%
Bosnia and Herzegovina
83%
Kosovo
83%
Moldova
82%
Monaco
81%
Georgia
46%
Azerbaijan
42%
Kazakhstan
30%
No matching quizzes found
Score Distribution
Percent of People with Each Score
Percentile by Number Answered
Your Score History
You have not taken this quiz since the last reset